00374nam a22001337a 4500020001800000082001400018100002200032245008200054260002400136300001000160650002200170650002100192650002700213 a9781119029465 a621.3 WER aDouglas H. Werner aElectromagnetics of body area networks: antennas, propagation, and RF systems aCanadabWileyc2016 a512p. aBody area network aElectromagnetism aElectromagnetic theory